000 00887naa a22002777a 4500
001 BR6008720
003 BR-BrBNA
005 20240918181905.0
007 ta
008 230509b bl.||||| |||| 00| 0 por d
040 _aBR-BrBNA
_bpor
_cBiblioteca Nacional de Agricultura
041 _a(Pt)
072 _aF60; F30
_b0120
090 _aF60 BR6008720
100 1 _aTosello, G.A.
245 1 _aResposta de diferentes cultivares para acumulo de zeina durante o desenvolvimento do endosperma em Zea mays L.
260 3 _aPiracicaba, SP (Brasil):
_c1976.
500 _aRelatorio cientifico 1975 Piracicaba, SP (Brasil): 1976. p. 173-174 (BR6008720-AM)F60
650 _aFisiologia Vegetal
650 _aMelhoramento Genetico Vegetal
650 _aMilho
650 _aEndosperma
650 _aResposta da Planta
909 _a202404
_bLucia
_c55
_dLucia Elande
942 _cAM
_2AGRIS
999 _c327390
_d327390